000 00657cam a2200193 i 4500
999 _c7542
_d7542
003 OSt
005 20200312131902.0
008 140514s2015 cauab b 001 0 eng
020 _a9781446272930
_q(pbk)
042 _apcc
082 0 0 _a910.285
_223
_bCHR
245 0 0 _aGeocomputation :
_ba practical primer /
_c[edited by] Chris Brunsdon and Alex Singleton.
300 _axx, 369 pages :
_bcolor illustrations, color maps ;
_c26 cm
504 _aIncludes bibliographical references (pages 327-363) and index.
650 0 _aGeographic information systems.
700 1 _aBrunsdon, Chris,
_eeditor.
700 1 _aSingleton, Alexander D.,
_eeditor.
942 _2ddc